| 000 | 00637nam a2200205 i 4500 | ||
|---|---|---|---|
| 001 | 97608 | ||
| 003 | ES-MaACL | ||
| 005 | 20250801223404.0 | ||
| 007 | t| | ||
| 008 | 050714s1962 sp ||||1| spa d | ||
| 100 | 1 |
_aMarden, Orison Swett. _976564 |
|
| 245 | 1 | 0 |
_aVoluntad resuelta / _cescrita en inglés por Orison Swett Marden; [traductor Federico Climent]. |
| 250 | _aed. española. | ||
| 260 |
_aBarcelona : _bRoberto Roch, _c1962. |
||
| 300 |
_a329 p. ; _c18 cm. |
||
| 650 | 0 | 4 |
_aVoluntad. _917848 |
| 700 | 1 |
_aCliment Terrer, Federico, _d1860-ca. 1949 _939265 |
|
| 852 |
_aES-MaACL _jC-21761 _bR.50278 |
||
| 999 |
_c97608 _d97608 |
||